• 首页
  • 本馆介绍
  • 公告通知
  • 最新文献
  • 馆藏检索
  • 电子资源
  • 读者导购
  • 参考咨询
  • 我的图书馆
  • 登录
  • 详细信息显示
  • 放入我的书架
  • 预约/预借图书
  • 作者相关作品
  • 分类相关作品
  • 丛书相关作品
  • 出版社相关作品

书目信息

  • 表格格式
  • 工作单格式
  • 卡片格式
题名:
红外系统
    
 
作者: 张建奇 编著
分册:  
出版信息: 西安   西安电子科技大学出版社  2018
页数: 456页
开本: 26cm
丛书名:
单 册:
中图分类: TN21
科图分类:
主题词: 红外系统--hong wai xi tong--高等学校--教材
电子资源:
ISBN: 978-7-5606-4919-1
000 01026nam0 2200289 450
001 012001001817
005 20140109094632.0
010    @a978-7-5606-4919-1@dCNY70.00
099    @aCAL 012019000151
100    @a20181227d2018 em y0chiy50 ea
101 0  @achi
102    @aCN@b610000
105    @aak a 000yy
106    @ar
200 1  @a红外系统@Ahong wai xi tong@f张建奇编著
210    @a西安@c西安电子科技大学出版社@d2018
215    @a456页@c图@d26cm
312    @a英文题名取自封面
320    @a有书目
330    @a本书全面论述了各类红外系统的基本概念、组成框架、工作原理, 并对典型红外系统的工作流程、性能指标、发展趋势等进行了详细描述。同时, 还对红外系统中采用的一些新技术进行了介绍。
333    @a本书可作为电子科学与技术、光学工程、光电信息科学与工程等专业本科生及研究生的教材
510 1  @aInfrared system@zeng
606 0  @a红外系统@Ahong wai xi tong@x高等学校@j教材
690    @aTN21@v5
701  0 @a张建奇@Azhang jian qi@4编著
801  0 @aCN@b北京卓展@c20191020
905    @b1202626-9@dTN21@e136@f4
    
    红外系统/张建奇编著.-西安:西安电子科技大学出版社,2018
    456页:图;26cm
    使用对象:本书可作为电子科学与技术、光学工程、光电信息科学与工程等专业本科生及研究生的教材
    
    ISBN 978-7-5606-4919-1:CNY70.00
    本书全面论述了各类红外系统的基本概念、组成框架、工作原理, 并对典型红外系统的工作流程、性能指标、发展趋势等进行了详细描述。同时, 还对红外系统中采用的一些新技术进行了介绍。
●
相关链接 在E读中查询图书 在五车中查询图书 在当当中查询图书 在豆瓣中查询图书


正题名:红外系统     索取号:TN21/136         预约/预借

序号 登录号 条形码 馆藏地/架位号 状态 备注
1 1202626   212026261   第二样本阅览室/ [索取号:TN21/136] 在馆    
2 1202627   212026270   第三借阅区/ [索取号:TN21/136] 在馆    
3 1202628   212026289   第三借阅区/ [索取号:TN21/136] 在馆    
4 1202629   212026298   第三借阅区/ [索取号:TN21/136] 在馆    
唐山师范学院图书馆 欢迎您!
大连网信软件有限公司© 版权所有